The lecturer's toolkit : (Record no. 130483)
[ view plain ]
| 000 -LEADER | |
|---|---|
| fixed length control field | 02178cam a22003498i 4500 |
| 001 - CONTROL NUMBER | |
| control field | 21098868 |
| 003 - CONTROL NUMBER IDENTIFIER | |
| control field | ARRUPE |
| 005 - DATE AND TIME OF LATEST TRANSACTION | |
| control field | 20201015095547.0 |
| 008 - FIXED-LENGTH DATA ELEMENTS--GENERAL INFORMATION | |
| fixed length control field | 190718s2020 enk b 001 0 eng |
| 010 ## - LIBRARY OF CONGRESS CONTROL NUMBER | |
| LC control number | 2019025816 |
| 020 ## - INTERNATIONAL STANDARD BOOK NUMBER | |
| International Standard Book Number | 9780367182298 |
| Qualifying information | (hardback) |
| 020 ## - INTERNATIONAL STANDARD BOOK NUMBER | |
| International Standard Book Number | 9780367182267 |
| Qualifying information | (paperback) |
| 020 ## - INTERNATIONAL STANDARD BOOK NUMBER | |
| Cancelled/invalid ISBN | 9780429060205 |
| Qualifying information | (ebook) |
| 040 ## - CATALOGING SOURCE | |
| Original cataloging agency | LBSOR/DLC |
| Language of cataloging | eng |
| Transcribing agency | DLC |
| Description conventions | rda |
| Modifying agency | DLC |
| 042 ## - AUTHENTICATION CODE | |
| Authentication code | pcc |
| 050 00 - LIBRARY OF CONGRESS CALL NUMBER | |
| Classification number | LB2393 |
| Item number | .R33 2020 |
| 082 00 - DEWEY DECIMAL CLASSIFICATION NUMBER | |
| Classification number | 371.39/6 |
| Edition number | 23 |
| 300 ## - PHYSICAL DESCRIPTION | |
| Dimensions | 26 cm |
| 100 1# - MAIN ENTRY--PERSONAL NAME | |
| Personal name | Race, Philip, |
| Relator term | author. |
| 9 (RLIN) | 49804 |
| 245 14 - TITLE STATEMENT | |
| Title | The lecturer's toolkit : |
| Remainder of title | a practical guide to assessment, learning and teaching / |
| Statement of responsibility, etc | Phil Race. |
| 250 ## - EDITION STATEMENT | |
| Edition statement | Fifth edition. |
| 260 ## - PUBLICATION, DISTRIBUTION, ETC. (IMPRINT) | |
| Place of publication, distribution, etc | London |
| Name of publisher, distributor, etc | Routledge |
| Date of publication, distribution, etc | 2020 |
| 300 ## - PHYSICAL DESCRIPTION | |
| Extent | xx, 341 p. ; |
| 504 ## - BIBLIOGRAPHY, ETC. NOTE | |
| Bibliography, etc | Includes bibliographical references (pages [229]-336) and index. |
| 505 0# - FORMATTED CONTENTS NOTE | |
| Formatted contents note | How students really learn -- Designing assessment -- Feedback dialogues -- Large group teaching -- Making small-group teaching work -- Looking after yourself -- Onwards and upwards. |
| 520 ## - SUMMARY, ETC. | |
| Summary, etc | "The 5th Edition of The Lecturer's Toolkit addresses the needs and aspirations both of staff new to teaching in tertiary education and experienced teachers. It focuses on practical suggestions about how best learning happens, the importance of assessment and feedback, ways of tackling the challenges and stresses of teaching, whether in large groups, small groups, or online. The new volume adapts approaches to cover digital and online learning as well as face-to-face contexts. Based on four decades of experience of higher education and written in a jargon-free manner with authority and clarity, this invaluable guide remains a wide-ranging and practical resource for lecturers"-- |
| 650 #0 - SUBJECT ADDED ENTRY--TOPICAL TERM | |
| Topical term or geographic name as entry element | Lecture method in teaching |
| Form subdivision | Handbooks, manuals, etc. |
| 9 (RLIN) | 49805 |
| 650 #0 - SUBJECT ADDED ENTRY--TOPICAL TERM | |
| Topical term or geographic name as entry element | College teaching |
| Form subdivision | Handbooks, manuals, etc. |
| 9 (RLIN) | 49806 |
| 776 08 - ADDITIONAL PHYSICAL FORM ENTRY | |
| Display text | Online version: |
| Main entry heading | Race, Philip. |
| Title | Lecturer's toolkit. |
| Edition | 5th edition. |
| Place, publisher, and date of publication | Abingdon, Oxon ; New York : Routledge, 2020. |
| International Standard Book Number | 9780429060205 |
| Record control number | (DLC) 2019025817 |
| 906 ## - LOCAL DATA ELEMENT F, LDF (RLIN) | |
| a | 7 |
| b | cbc |
| c | orignew |
| d | 1 |
| e | ecip |
| f | 20 |
| g | y-gencatlg |
| 942 ## - ADDED ENTRY ELEMENTS (KOHA) | |
| Source of classification or shelving scheme | Library of Congress Classification |
| Koha item type | Monograph ( Printed materials) |
| Withdrawn status | Lost status | Source of classification or shelving scheme | Damaged status | Not for loan | Collection code | Home library | Current library | Shelving location | Date acquired | Total Checkouts | Full call number | Barcode | Date last seen | Price effective from | Koha item type |
|---|---|---|---|---|---|---|---|---|---|---|---|---|---|---|---|
| Library of Congress Classification | Main Collection | ARRUPE LIBRARY | ARRUPE LIBRARY | Main Collection | 15/10/2020 | LB2393 .R33 2020 | 46600008392 | 15/10/2020 | 15/10/2020 | Monograph ( Printed materials) |